000 03563nam a2200265 4500
001 216218448
003 UA-OsUOA
005 20201118194633.0
008 200519b un ||||| m||| 00| 0 ukr d
040 _aUA-OsUOA
_bukr
_cUA-OsUOA
_dUA-OsUOA
041 _aukr
080 _a343.137
090 _a343.137
095 _a12.00.09
_bкримінальний процес та криміналістика; судова експертиза; оперативно-розшукова діяльність
100 _aЧабайовський Т. В.
245 _aПідстави та межі кримінально-процесуального втручання в особисте життя громадян
_cЧабайовський Тарас Васильович ; наук. керівник Письменний Дмитро Петрович
260 _aКиїв
_c2012
300 _a16 с.
502 _6Автореферат дисертації на здобуття наукового ступеня кандидата юридичних наук
_cНаціональна академія внутрішніх справ
_d2012
520 _aУ дисертації здійснено комплексне дослідження актуальних теоретичних питань гарантій прав особи у кримінальному процесі та практичних проблем їх вирішення при обмеженні права особи на недоторканність особистого життя громадян у кримінальному процесі. Досліджено підстави та межі кримінально-процесуального втручання в особисте життя громадян. Розкрито зміст інституту недоторканності особистого життя з точки зору складових його прав і свобод громадян, які обмежуються в ході кримінально-процесуальної діяльності. Визначено фактичні та юридичні підстави провадження слідчих дій, що обмежують право на недоторканність особистого життя. Обґрунтовано необхідність розгляду недоторканності особистого життя громадян як одного із принципів кримінального процесу, співставлено гарантії дотримання даного принципу у чинному КПК та в проекті нового КПК. Значну увагу приділено забезпеченню охорони відомостей про особисте життя в ході досудового розслідування та під час судового розгляду кримінальних справ. Внесено науково обґрунтовані пропозиції щодо вдосконалення кримінально-процесуального законодавства України з досліджуваних питань.
650 _2UDC
_a343 Кримінальне право. Карні порушення
942 _2udc
_cAR
955 _a1
999 _c459276
_d459276